| 000 | 00530nam a2200169Ia 4500 | ||
|---|---|---|---|
| 008 | 090201s9999 xx 000 0 und d | ||
| 010 | _aKPL-9989 | ||
| 040 | _bमराठी | ||
| 041 | _aमराठी | ||
| 082 |
_a44487 _b9989 |
||
| 100 | _aगो ना दातार | ||
| 245 |
_aकालीका मुर्ती _cगो ना दातार |
||
| 260 |
_c2005 _bदा.सा. आणि मंडळी |
||
| 300 |
_a564 _bमोठा |
||
| 600 | _aकालीका मुर्ती | ||
| 942 | _cBOOK | ||
| 999 |
_c241489 _d241489 |
||